00860nam a2200241 a 450000100060000000300080000600500170001400800410003103500200007204000270009204100080011908200260012724501030015326000400025630000200029665000270031665000360034365000590037970000290043894200120046799900170047995201220049680465BD-RjUL20220929125703.0220929s1963 nyu 00000 eng d a(BD-RjUL)80465) aANLbengdANLcBD-RjUL aeng0 223a016.811bIND 196310aIndex to fifty years of Poetry, a magazine of verse, volumes 1-100, 1912-1962 /cElizabeth Wright. aNew York :bAMS Reprint Co.,c1963. a392 p.;c21 cm. 0aPoetryxIndexes.95070 0aAmerican poetryxIndexes.95071 0aAmerican literaturey20th centuryxBibliography.95072 aWright, Elizabeth.95073 2ddccBK c80465d80465 00102ddc40718NFICaRUCLbRUCLcReadingd1978-04-26l0o016.811 IND 1963r2022-09-29 00:00:00tC-1w2022-09-29yBK